000 00474nab a2200145Ia 4500
003 ES-SlBCS
005 20220906011052.0
008 140529s1979 xxu||||| |||| 00| 0 eng d
041 _aeng
100 1 _aBartky, Sandra Lee
_9155612
245 0 0 _aHeidegger and the Modes of World-Disclosure
_c Sandra Lee Bartky
600 1 0 _aHeidegger, Martín
_d(1889-1976)
_917559
773 0 _tPhilosophy and Phenomenological Research
_gvol. 40, 1979, págs. 212-236
_wRev1411
942 _cAR
999 _c527238
_d527238